书目信息 |
| 题名: |
美国及世界其他地区图书馆事业
|
|
| 作者: | ;华东师范大学图书馆学系 编 | |
| 分册: | ||
| 出版信息: | 北京 书目文献出版社 1983 |
|
| 页数: | 225页 | |
| 开本: | 19cm | |
| 丛书名: | ||
| 单 册: | ||
| 中图分类: | G259.1 | |
| 科图分类: | ||
| 主题词: | 图书馆事业--世界 | |
| 电子资源: | ||
| ISBN: | ||
| 000 | 00693nam0 2200229 45 | |
| 001 | 0183009736 | |
| 005 | 20061027104733.59 | |
| 010 | @dCNY0.95 | |
| 091 | @aCN@b17201.29 | |
| 100 | @a19950930d1983 em y0chiy0121 ea | |
| 101 | 0 | @achi |
| 102 | @aCN@b110000 | |
| 105 | @ay z 000yy | |
| 200 | 10 | @a美国及世界其他地区图书馆事业@Amei guo ji shi jie qi ta de qu tu shu guan shi ye@f华东师范大学图书馆学系编 |
| 210 | @a北京@c书目文献出版社@d1983 | |
| 215 | @a225页@d19cm | |
| 606 | @a图书馆事业@y世界 | |
| 690 | @aG259.1@v3 | |
| 711 | 02 | @a华东师范大学图书馆学系@Ahua dong shi fan da xue tu shu guan xue xi@4编 |
| 801 | 2 | @aCN@bNLC@c20061027 |
| 801 | 0 | @aCN@bTSSF |
| 905 | @a10447@dG259.1@e3 | |
| 美国及世界其他地区图书馆事业/华东师范大学图书馆学系编.-北京:书目文献出版社,1983 |
| 225页;19cm |
| ISBN :CNY0.95 |
| ● |
| 相关链接 |
|
|
|
|
正题名:美国及世界其他地区图书馆事业
索取号:G259.1/3
 
预约/预借
| 序号 | 登录号 | 条形码 | 馆藏地/架位号 | 状态 | 备注 |
| 1 | 0093260 | 000215074 | 密集书库/ [索取号:G259.1/3] | 在馆 | |
| 2 | 0093261 | 000215109 | 密集书库/ [索取号:G259.1/3] | 在馆 | |
| 3 | 0093263 | 000215083 | 密集书库/ [索取号:G259.1/3] | 在馆 | |
| 4 | 0093264 | 000990342 | 密集书库/ [索取号:G259.1/3] | 在馆 | |
| 5 | 0093265 | 000215118 | 第一样本阅览室/ [索取号:G259.1/3] | 在馆 | |
| 6 | 0168399 | 000990333 | 密集书库/ [索取号:G259.1/3] | 在馆 | |
| 7 | 0168400 | 000990404 | 密集书库/ [索取号:G259.1/3] | 在馆 | |
| 8 | 0168401 | 000990397 | 密集书库/ [索取号:G259.1/3] | 在馆 | |
| 9 | 0177408 | 000215065 | 密集书库/ [索取号:G259.1/3] | 在馆 | |
| 10 | 0178106 | 000215092 | 密集书库/ [索取号:G259.1/3] | 在馆 |